000 00302nam a22001097a 4500
008 160624b xxu||||| |||| 00| 0 eng d
100 _9940
_a Cameron, E
245 _aThe Court of the Stone Children
260 _aN.Y
_b E.P.Dutton &Co.
_c1973
300 _aThe Court of the Stone Children
942 _2ddc
_cBK
999 _c748
_d748